Catalog

Record Details

Catalog Search



Revival : the story of the current awakening in Brownwood, Ft. Worth, Wheaton, and beyond Cover Image Book Book

Revival : the story of the current awakening in Brownwood, Ft. Worth, Wheaton, and beyond John Avant .../et al./

Avant, John (Author).

Record details

  • ISBN: 0-8054-6191-4
  • Physical Description: 179 p.
  • Edition: 1st ed.
  • Publisher: Nashville Broadman and Holman 1996

Available copies

  • 1 of 1 copy available at Common Catalog SPOK.

Holds

  • 0 current holds with 1 total copy.
Show All Copies
Location Call Number / Copy Notes Barcode Shelving Location Status Due Date
ETS Library 269.2 424470007928 Volný výběr Available -

LDR 00778nam a2 00253
00139846
003CZ-PrJAB
00520040227000000.0
008001003s1996 xxu e |||| |eng
009us
020 . ‡a0-8054-6191-4
035 . ‡a(CONS)7910
035 . ‡aKPS7357
040 . ‡aABG450
041 . ‡aeng
08214. ‡a269.2
100 . ‡71749 ‡aAvant, John
245 . ‡aRevival : ‡bthe story of the current awakening in Brownwood, Ft. Worth, Wheaton, and beyond ‡cJohn Avant .../et al./
250 . ‡a1st ed.
260 . ‡aNashville ‡bBroadman and Holman ‡c1996
300 . ‡a179 p.
653 . ‡aRevival ‡athe story of the current awakening in Brownwood, Ft. Worth, Wheaton, and beyond
8524 . ‡bETS ‡bETS ‡cVolný výběr ‡j269.2 ‡gA ‡p424470007928
910 . ‡aABG450
999 . ‡a7910 ‡bAUTOGEN ‡c7910 ‡tbiblio
905 . ‡uadmin
901 . ‡a39846 ‡b ‡c39846 ‡tbiblio ‡sets

Additional Resources